000 00593nam a2200253Ia 4500
008 190123s9999 xx 000 0 und d
020 _a9780531272558
050 _bW555 2014
245 0 _aWhat happens next?:
245 0 _bseed to plant /
260 _aNew York, New York :
260 _bScholastic,
260 _c2014
300 _aunpaged :
300 _bcolored illustrations ;
300 _c16cm.
440 _aRookie toddler.
500 _a110L
650 _aGrowth (Plants).
650 _aTomatoes --
650 _xGrowth.
700 _aSeries.
700 _aTitle.
999 _c360998
_d360998